BSOP header

Greek : (Record no. 29545)

MARC details
000 -LEADER
fixed length control field 00905nam a2200229 4500
008 - FIXED-LENGTH DATA ELEMENTS--GENERAL INFORMATION
fixed length control field 070703s2004 enkm b a001 0 eng
020 ## - INTERNATIONAL STANDARD BOOK NUMBER
International Standard Book Number 0415232090 :USD31.95
090 ## - LOCALLY ASSIGNED LC-TYPE CALL NUMBER (OCLC); LOCAL CALL NUMBER (OCLC)
Classification number (OCLC) (R) ; Classification number, CALL (RLIN) (NR) PA1058
Local cutter number (OCLC) ; Book number/undivided call number, CALL (RLIN) H74g
100 1# - MAIN ENTRY--PERSONAL NAME
Personal name Holton, David.
245 10 - TITLE STATEMENT
Title Greek :
Remainder of title an essential grammar of the modern language /
Statement of responsibility, etc David Holton, Peter Mackridge and Irene Philippaki-Warburton.
260 ## - PUBLICATION, DISTRIBUTION, ETC. (IMPRINT)
Place of publication, distribution, etc London ;
-- New York :
Name of publisher, distributor, etc Routledge,
Date of publication, distribution, etc 2004.
300 ## - PHYSICAL DESCRIPTION
Extent xiii, 279 p. ;
Dimensions 24 cm.
490 1# - SERIES STATEMENT
Series statement Routledge essential grammars.
504 ## - BIBLIOGRAPHY, ETC. NOTE
Bibliography, etc Includes bibliographical references (p. 271-273) and indexes.
650 #4 - SUBJECT ADDED ENTRY--TOPICAL TERM
Topical term or geographic name as entry element Greek language, Modern
General subdivision Grammar.
650 #4 - SUBJECT ADDED ENTRY--TOPICAL TERM
Topical term or geographic name as entry element Greek language, Modern
General subdivision Textbooks for foreign speakers
-- English.
951 ## - EQUIVALENCE OR CROSS-REFERENCE-GEOGRAPHIC NAME/AREA NAME [OBSOLETE] [CAN/MARC only]
General subdivision 00035105
700 1# - ADDED ENTRY--PERSONAL NAME
Personal name Mackridge, Peter A.
700 1# - ADDED ENTRY--PERSONAL NAME
Personal name Philippaki-Warburton, Irene.
830 #0 - SERIES ADDED ENTRY--UNIFORM TITLE
Uniform title Essential grammar.
951 ## - EQUIVALENCE OR CROSS-REFERENCE-GEOGRAPHIC NAME/AREA NAME [OBSOLETE] [CAN/MARC only]
-- 30821
-- PA1058/H74g
-- 070703151850000
-- 2000-12-21
-- GC
Holdings
Withdrawn status Lost status Damaged status Not for loan Home library Current library Shelving location Date acquired Accession number Shelving control number Total Checkouts Full call number Barcode Date last seen Price effective from Koha item type
        BSOP Library BSOP Library GC 12/21/2000 30821 127   PA1058/H74g 00035105 02/23/2013 02/23/2013 Books
BSOP

Biblical Seminary of the Philippines
  All rights Reserved
  © 2024

CONTACT INFORMATION

Biblical Seminary of the Philippines,
  77-B Karuhatan Road, Valenzuela City,
  PHILIPPINES 1441
  Phone: +632 8292-6795 / 8292-6798
  Fax : +632 8292-6675
  Email: library@bsop.edu.ph